000
00189 a2200097 4500
001
24698
100
_a
Healy, J J
245
_a
260
_a
_b
Chapman & Hall
_c
1966
090
_c
16670
_d
16670
942
_a
NUST-CAE
_c
_c
7414
999
_c
259771
_d
259771